000 01421nam0a2200337 4500
001 RU\NLR\bibl\1355365
005 20260407042852.0
010 _a978-5-9955-0036-0
_95000
021 _aRU
_b2009-21355
_9132д
035 _a(NLR Aleph) 001340417
090 _a857195
_c857195
100 _a20090410d2009 |||y0rusy50 ca
101 0 _arus
102 _aRU
105 _aa |||||||||
200 1 _aВойска СС
_eистория, структура, боевое применение
_fКонстантин Семенов
210 _aМосква
_cЯуза-Пресс
_d2009
215 _a430, [1] с.
_cил.
_d21
225 1 _aСолдат III Рейха
601 0 2 _aВойска СС
_c1924 - 1945; Германия
_xИстория
_92280332
_3RU\NLR\auth\661366251
686 _aЦ35(0)62-68,2-21
700 1 _4070
_8rus
_7ca
_aСеменов
_bК. К.
_cписатель, историк
_gКонстантин Константинович
_3RU\NLR\AUTH\7755860
_938792
712 0 2 _4570
_aВойска СС
_c1939-1945; Германия
_3RU\NLR\AUTH\8810015202
_9528274
801 0 _aRU
_bNLR
_c20090410
_gRCR
801 1 _aRU
_bNLR
_c20090410
942 _cBOOK
980 _aNB